[Event "JUG-chT Cetinje"]
[Site "Cetinje"]
[Date "1990.??.??"]
[Round "8"]
[White "Zelic, Zdravko"]
[Black "Raicevic, Vladimir"]
[Result "1/2-1/2"]
[WhiteElo "2395"]
[BlackElo "2460"]

1.e4 c5 2.Nf3 e6 3.d4 cxd4 4.Nxd4 a6 5.Nc3 Qc7 6.g3 Nc6 7.Bg2 Nf6 8.O-O Nxd4
9.Qxd4 Bc5 10.Bf4 d6 11.Qd2 h6 12.Rad1 e5 13.Be3 Bg4 14.Bxc5 dxc5 15.f3 Be6
16.f4 O-O 17.Nd5 Bxd5 18.exd5 e4 19.Rfe1 Rfe8 20.c4 Qd7 21.Qc2 Qf5 22.Re2 Re7
23.Rde1 Ree8 24.Qb3 h5 25.Qb6 Qc8 26.d6 Re6 27.Bh3 Ng4 28.Rd1 Qc6 29.Qxc6 bxc6
30.Bxg4 hxg4 31.d7 Rd8 32.Kf2 f5 33.Ke3 Kf7 34.Red2 Ke7 35.Ke2 Rh6 36.Kf1 a5
37.b3 Kf8 38.Ke1 Kf7 39.Kf1 Ke7 40.Ke1 Re6 41.Ke2 Kf7 42.Ke1 Rh6 43.Kf1 Ke7
44.Ke1 Re6 45.Ke2  1/2-1/2

[Event "JUG-chT Cetinje"]
[Site "Cetinje"]
[Date "1990.??.??"]
[Round "9"]
[White "Todorovic, Jovan"]
[Black "Panzalovic, Srdjan"]
[Result "1/2-1/2"]
[WhiteElo "2285"]
[BlackElo "2325"]

1.e4 c5 2.Nf3 e6 3.d4 cxd4 4.Nxd4 a6 5.Nc3 Qc7 6.g3 Nf6 7.Bg2 d6 8.O-O Be7
9.Re1 O-O 10.a4 Nc6 11.Be3 Na5  1/2-1/2

[Event "ITA-ch"]
[Site "Chianciano"]
[Date "1990.??.??"]
[Round "4"]
[White "Tatai, Stefano"]
[Black "Martorelli, Antonio"]
[Result "1-0"]
[WhiteElo "2405"]
[BlackElo "2220"]

1.e4 c5 2.Nf3 e6 3.d4 cxd4 4.Nxd4 a6 5.Nc3 Qc7 6.g3 Nf6 7.Bg2 Be7 8.O-O O-O
9.Be3 Nc6 10.Nxc6 bxc6 11.Na4 d5 12.e5 Nd7 13.f4 Rb8 14.c4 Rd8 15.Qc2 Nf8
16.Rfd1 Qb7 17.Rac1 Bd7 18.Qf2 Be8 19.Ba7 Ra8 20.Bb6 Rdb8 21.cxd5 exd5 22.Be3 Rd8
23.Nc5 Qb8 24.Rd3 Ne6 25.Rb3 Qc8 26.Nb7 Rd7 27.Na5 d4 28.Bd2 c5 29.f5 Nc7
30.Bb7  1-0

[Event "Obro-B"]
[Site "Copenhagen"]
[Date "1990.??.??"]
[Round "3"]
[White "Lokasto, Anatol"]
[Black "Tiberkov, Ivan"]
[Result "1/2-1/2"]
[WhiteElo "2335"]
[BlackElo "2305"]

1.e4 c5 2.Nf3 e6 3.Nc3 a6 4.d4 cxd4 5.Nxd4 Qc7 6.g3 Nf6 7.Bg2 Be7 8.O-O O-O
9.Re1 d6 10.a4 Nc6 11.Nb3 b6 12.f4 Bb7 13.Be3 Nd7 14.Re2 Rfe8 15.Rd2 Rad8
16.Qe2 Nc5 17.Qf2 Qb8 18.Nd4 Qa8 19.Nxc6 Bxc6 20.Qe2 Nxe4 21.Nxe4 Bxe4 22.Bxe4 Qxe4
23.Bxb6 Qxe2 24.Rxe2 Rb8 25.Bd4 g6 26.Kf2 Bf8 27.Rd1 Rec8 28.Ke3 Rc6 29.Kd3 Bg7
30.Bxg7 Kxg7 31.b3 d5 32.Rb1 Rbc8 33.Rb2 a5 34.Re3 h5 35.Kd2 Kf6 36.h3 g5
37.c3 Rb8 38.Rb1 Rcb6 39.Kc2 gxf4 40.gxf4 Kf5 41.Re5+ Kxf4 42.Rxh5 f5 43.b4 axb4
44.cxb4 Ke3 45.Rb3+ Ke4 46.b5 e5 47.Rb1 d4 48.Re1+ Kf4 49.Rf1+ Ke3 50.Re1+ Kf4  1/2-1/2

[Event "Copenhagen op"]
[Site "Copenhagen"]
[Date "1990.??.??"]
[Round "4"]
[White "Bjerring, Kai"]
[Black "Aladjova, Katrin"]
[Result "1/2-1/2"]
[WhiteElo "2310"]
[BlackElo "2110"]

1.e4 c5 2.Nf3 e6 3.d4 cxd4 4.Nxd4 a6 5.Nc3 Qc7 6.g3 Bb4 7.Ne2 Be7 8.Bg2 Nf6
9.O-O d6 10.h3 O-O 11.g4 Nc6 12.a4 Rb8 13.Ng3 b5 14.axb5 axb5 15.g5 Nd7 16.f4 Nb4
17.Kh2 Nxc2 18.Qxc2 b4 19.Bd2 bxc3 20.Bxc3 Re8 21.h4 Nc5 22.b4 Na6 23.Qd2 Bf8
24.h5 Qc4 25.Rfb1 Nc7 26.Rc1 Qb5 27.Ra7 Na6 28.h6 g6 29.Qd4 e5 30.fxe5 dxe5
31.Qf2 Re7 32.Bf1 Qb6 33.Qxb6 Rxb6 34.Rxe7 Bxe7 35.Bxe5 Bb7 36.Bxa6  1/2-1/2

[Event "Dieren op"]
[Site "Dieren"]
[Date "1990.??.??"]
[Round "1"]
[White "Mazi, Leon"]
[Black "Martinovic, Slobodan"]
[Result "0-1"]
[WhiteElo "2295"]
[BlackElo "2410"]

1.e4 c5 2.Nf3 e6 3.d4 cxd4 4.Nxd4 a6 5.Nc3 Qc7 6.g3 Bb4 7.Ne2 Nf6 8.Bg2 Be7
9.O-O O-O 10.h3 Nc6 11.f4 Rd8 12.g4 d5 13.exd5 Nb4 14.Bd2 Nfxd5 15.Qc1 b5
16.Nxd5 Nxd5 17.Nc3 Bb7 18.Qe1 Nb6 19.Bxb7 Qxb7 20.Rd1 Rac8 21.a3 Bf6 22.g5 Bd4+
23.Kh2 Qc6 24.Be3 Bxe3 25.Qxe3 Nc4 26.Qc1 Nxa3 27.Rxd8+ Rxd8 28.Rd1 Rc8 29.Qd2 g6
30.Qd6 Qxd6 31.Rxd6 a5 32.Ne4 Nxc2 33.Rd7 b4 34.Nd6 Rf8 35.Ra7 Ne1 36.Rxa5 Nd3
37.Kg3 Nxb2 38.Rb5 Nd3 39.Kf3 Rd8 40.Ne4 Ne1+ 41.Ke2 Nc2 42.Rb6 b3 43.Nd2 Nd4+
44.Ke3 Nf5+ 45.Ke2 Rd4 46.Nxb3 Rxf4 47.Nc5 Ng3+ 48.Kd3 Rf5 49.Rb8+ Kg7 50.Rb5 h6
51.h4 Rf3+ 52.Kc2 Rf4 53.Kd3 Rxh4 54.Rb7 hxg5 55.Nxe6+ Kf6 56.Nd8 Rh7 57.Rb6+ Kg7
58.Nc6 Kf8 59.Ne5 Rh3 60.Kc2 Rh2+ 61.Kd3 Rf2  0-1

[Event "Dieren op"]
[Site "Dieren"]
[Date "1990.??.??"]
[Round "3"]
[White "Markus, John Raymond"]
[Black "Ristic, Nenad"]
[Result "0-1"]
[WhiteElo "2265"]
[BlackElo "2385"]

1.e4 c5 2.Nf3 e6 3.d4 cxd4 4.Nxd4 a6 5.Nc3 Qc7 6.a3 Nf6 7.Bd3 Nc6 8.Nb3 Be7
9.Be3 b5 10.f4 d6 11.O-O Bb7 12.Qf3 O-O 13.Qh3 Rfe8 14.Rae1 b4 15.axb4 Nxb4
16.Nd4 d5 17.e5 Ne4 18.Bxe4 dxe4 19.Rf2 Rad8 20.f5 Qxe5 21.fxe6 fxe6 22.Qxe6+ Qxe6
23.Nxe6 Rc8 24.Nd4 Bf6 25.Rd2 Red8 26.Red1 h6 27.h3 Kh7 28.Ne6 Rxd2 29.Rxd2 Bxc3
30.bxc3 Rxc3 31.Rd7 Rxe3 32.Rxb7 Nxc2 33.Rxg7+ Kh8 34.Rg6 a5 35.Rxh6+ Kg8
36.Nc5 Re1+ 37.Kf2 e3+ 38.Kf3 Rf1+ 39.Ke2 Rf2+ 40.Kd3 e2  0-1

[Event "Dieren op"]
[Site "Dieren"]
[Date "1990.??.??"]
[Round "7"]
[White "Mazi, Leon"]
[Black "Ristic, Nenad"]
[Result "1/2-1/2"]
[WhiteElo "2295"]
[BlackElo "2385"]

1.e4 c5 2.Nf3 e6 3.d4 cxd4 4.Nxd4 a6 5.Nc3 Qc7 6.g3 Nf6 7.Bg2 Bb4 8.Bd2 Nc6
9.Nxc6 bxc6 10.O-O Be7 11.Re1 e5 12.Na4 d6 13.c4 Be6 14.c5 d5 15.exd5 cxd5
16.Bc3 e4 17.b4 O-O 18.Nb6 Rad8 19.Bd4 Ng4 20.f3 Ne5 21.Qb3 Nc6 22.Rad1 Nxd4
23.Rxd4 Bf6 24.Rxd5 Bd4+ 25.Kh1 Bf2 26.Red1 e3 27.Bf1 Bxd5 28.Nxd5 Qe5 29.Be2 Bxg3
30.hxg3 Qxg3 31.Qxe3 Qh3+ 32.Kg1 Qg3+ 33.Kf1 Qh3+ 34.Ke1 Qh1+ 35.Bf1 Qh4+
36.Qf2 Rfe8+ 37.Be2 Qh1+ 38.Qf1 Qh4+ 39.Qf2 Qh1+ 40.Qf1 Qh4+  1/2-1/2

[Event "Dortmund op"]
[Site "Dortmund"]
[Date "1990.??.??"]
[Round "3"]
[White "Borgstaedt, Michael"]
[Black "Pekarek, Ales"]
[Result "0-1"]
[WhiteElo "2270"]
[BlackElo "2475"]

1.e4 c5 2.Nf3 e6 3.d4 cxd4 4.Nxd4 a6 5.Nc3 Qc7 6.Bd3 Nc6 7.Nxc6 dxc6 8.a4 a5
9.O-O e5 10.Qe2 Nf6 11.Bc4 Bc5 12.Be3 Bxe3 13.Qxe3 O-O 14.Rad1 Qe7 15.Bb3 Nd7
16.Qg3 Nc5 17.Bc4 Qc7 18.Qe3 b6 19.Rd2 Be6 20.Bxe6 Nxe6 21.Rfd1 Rad8 22.Rxd8 Rxd8
23.Rxd8+ Qxd8 24.h3 Qd4 25.Qe2 g6 26.Kf1 Qb4 27.Nd1 Nf4 28.Qf3 Qc4+ 29.Kg1 Qxc2
30.Ne3 Qxb2 31.Kh2 Qe2 32.Qg3 Nh5 33.Qxe5 Qxf2 34.Qe8+ Kg7 35.Ng4 Qf4+ 36.Kg1 Ng3
37.Nf2 Qf6 38.Qb8 Qa1+ 39.Kh2 Ne2  0-1

[Event "Frankfurt"]
[Site "Frankfurt"]
[Date "1990.??.??"]
[Round "?"]
[White "Ostojic, Predrag"]
[Black "Horvath, Tamas"]
[Result "1/2-1/2"]
[WhiteElo "2355"]
[BlackElo "2415"]

1.e4 c5 2.Nf3 e6 3.Nc3 a6 4.d4 cxd4 5.Nxd4 Qc7 6.g3 Bb4 7.Bd2 Nf6 8.Bg2 O-O
9.O-O Be7 10.Qe2 d6 11.a4 Bd7 12.Nb3 Nc6 13.f4 Nb4 14.Be3 Bc6 15.a5 Rac8
16.Rfd1 Qb8 17.Rd2 Rfe8 18.h3 Nd7 19.Qf2 Bf6 20.Rad1 Bxc3 21.bxc3 Na2 22.Rxd6 Nf6
23.Ba7 Qa8 24.Bd4 Nxe4 25.Bxe4 Bxe4 26.Qd2 Qb8 27.Bxg7 Kxg7 28.Qd4+ Kg8 29.Qxe4 Nxc3
30.Qe5 Nxd1 31.Qg5+ Kf8 32.Rd7 Qa7+ 33.Nd4 Rc7 34.Qh6+ Kg8 35.Qg5+  1/2-1/2

[Event "Arnold Cup"]
[Site "Gausdal"]
[Date "1990.??.??"]
[Round "2"]
[White "Tischbierek, Raj"]
[Black "Hansen, Lars Bo"]
[Result "1/2-1/2"]
[WhiteElo "2440"]
[BlackElo "2460"]

1.e4 c5 2.Nf3 e6 3.d4 cxd4 4.Nxd4 a6 5.Nc3 Nc6 6.Be2 Nge7 7.Nf3 Ng6 8.h4 b5
9.h5 Nge5 10.Nxe5 Nxe5 11.f4 Nc6 12.Bd3 Qb6 13.e5 Bb7 14.Ne4 Nb4 15.h6 Nxd3+
16.Qxd3 Bxe4 17.Qxe4 Rc8 18.hxg7 Bxg7 19.Be3 Qc6 20.Qxc6 Rxc6 21.c3 Bf8 22.Kf2 d5
23.exd6 Bxd6 24.Rh5 f6 25.Rah1 Rc7 26.Rd1 Be7 27.Kf3 O-O 28.Bb6 Rb7 29.Bc5 Rd8
30.Rd4 Rxd4 31.cxd4 b4 32.Ke4 Kg7 33.Bxe7 Rxe7 34.Ra5 Ra7 35.f5 Kf7 36.Rc5 exf5+
37.Kxf5 Re7 38.Rc6 Re2 39.Rxf6+ Ke7 40.Rxa6 Rxg2 41.b3 h5 42.Ke5 Rg5+ 43.Ke4 h4
44.Rh6 Rg4+ 45.Ke5 Kf7 46.Rf6+ Kg7 47.Rf2 h3 48.Rh2 Rg3 49.Kd6 Rc3 50.d5 Kf6
51.Kd7 Ke5 52.d6 Kf4 53.Rd2 Ke3 54.Rd5 Kf2 55.Rh5 Kg1 56.Ke7 Re3+ 57.Kd8 h2
58.d7 h1=Q 59.Rxh1+ Kxh1 60.Kc8 Rc3+ 61.Kb8 Rd3 62.Kc7 Rc3+ 63.Kb6  1/2-1/2

[Event "Arnold Cup"]
[Site "Gausdal"]
[Date "1990.??.??"]
[Round "5"]
[White "Jansa, Vlastimil"]
[Black "Ziegler, Ari"]
[Result "1-0"]
[WhiteElo "2475"]
[BlackElo "2290"]

1.e4 c5 2.Nf3 e6 3.Nc3 a6 4.d4 cxd4 5.Nxd4 d6 6.Be2 Nf6 7.O-O Be7 8.a4 O-O
9.Be3 b6 10.Bf3 Bb7 11.e5 Bxf3 12.Qxf3 dxe5 13.Nxe6  1-0

[Event "Peer Gynt"]
[Site "Gausdal"]
[Date "1990.??.??"]
[Round "8"]
[White "Kovalev, Andrei"]
[Black "Jansa, Vlastimil"]
[Result "1-0"]
[WhiteElo "2500"]
[BlackElo "2455"]

1.e4 c5 2.Nf3 e6 3.Nc3 a6 4.d4 cxd4 5.Nxd4 Qc7 6.g3 Nf6 7.Bg2 Nc6 8.O-O d6
9.a4 Be7 10.Nb3 b6 11.f4 O-O 12.g4 Re8 13.g5 Nd7 14.Be3 Bf8 15.Qe2 Bb7 16.Rad1 Rac8
17.Qf2 Nb4 18.Rd2 Nc5 19.Nxc5 bxc5 20.f5 exf5 21.Qxf5 g6 22.Qh3 Bg7 23.Bf4 Rcd8
24.Qg3 Bd4+ 25.Kh1 Re6 26.Rfd1 Rde8 27.Nd5 Nxd5 28.exd5 Re2 29.c3 Rxd2 30.Rxd2 Be5
31.Re2 c4 32.Bxe5 dxe5 33.h4 Qd6 34.Kh2 Re7 35.Rf2 Qd7 36.a5 e4 37.d6 Re8
38.Bh3 Qc6 39.Qf4 Rf8 40.d7 e3 41.Qxe3 Qh1+ 42.Kg3 Qg1+ 43.Kf4 Qa1 44.Rd2 Qxa5
45.Qe7 Qc7+ 46.Rd6 Rd8 47.h5 gxh5 48.g6 hxg6 49.Kg5 Be4 50.Kh6 Qb8 51.Qf6  1-0

[Event "NRW-Liga I 8990"]
[Site "Germany"]
[Date "1990.??.??"]
[Round "?"]
[White "Reuther, Egon"]
[Black "Hirsch, Stefan"]
[Result "1/2-1/2"]
[WhiteElo "2250"]
[BlackElo "2230"]

1.e4 c5 2.Nf3 e6 3.d4 cxd4 4.Nxd4 a6 5.Nc3 Qc7 6.g3 Bc5 7.Bg2 Nf6 8.O-O h5
9.Nb3 Ba7 10.Bf4 Qd8 11.Bd6 Nc6 12.e5 Ng4 13.Ne4 Ngxe5 14.Bxe5 Nxe5 15.Nd6+ Ke7
16.Qe2 Kxd6 17.Rad1+ Ke7 18.Qxe5 f6 19.Qd6+ Kf7 20.Nc5 Bxc5 21.Qxc5 b6 22.Qa3 Ra7
23.Rd6 Rc7 24.Qd3 b5 25.Rd1 Qe7 26.c3 Rc5 27.Qd4 Re5 28.Qa7 Re1+ 29.Rxe1 Qxd6  1/2-1/2

[Event "BL2-S8990"]
[Site "Germany"]
[Date "1990.??.??"]
[Round "?"]
[White "Sick, Oliver"]
[Black "Jansa, Vlastimil"]
[Result "0-1"]
[WhiteElo "2345"]
[BlackElo "2475"]

1.e4 c5 2.Nf3 e6 3.Nc3 a6 4.d4 cxd4 5.Nxd4 Qc7 6.Bd3 Nc6 7.Nxc6 dxc6 8.f4 e5
9.O-O Nf6 10.Qf3 Bd6 11.f5 b5 12.a4 Bb7 13.Be3 h5 14.Kh1 Ng4 15.Bg1 Qe7 16.Qg3 Bc5
17.Bxc5 Qxc5 18.axb5 axb5 19.Rxa8+ Bxa8 20.Be2 b4 21.Na4 Qe3 22.Bxg4 Qxg3
23.hxg3 hxg4+ 24.Kg1 Ke7 25.Rd1 Rb8 26.Kf2 Rb5 27.Ke3 c5 28.b3 f6 29.Nb2 Ra5
30.Nc4 Ra2 31.Kd3 Bc6 32.Ne3 Ra8 33.Kc4 Bxe4 34.Kxc5 Bxc2 35.Rd2 Bxb3 36.Kxb4 Bf7
37.Kc3 Ra3+  0-1

[Event "BL2-SW8990"]
[Site "Germany"]
[Date "1990.??.??"]
[Round "?"]
[White "Ostojic, Predrag"]
[Black "Vatter, Hans Joachim"]
[Result "1-0"]
[WhiteElo "2355"]
[BlackElo "2330"]

1.e4 c5 2.Nf3 e6 3.d4 cxd4 4.Nxd4 a6 5.Nc3 Qc7 6.g3 Nf6 7.Bg2 d6 8.O-O Be7
9.Re1 O-O 10.a4 Bd7 11.a5 Nc6 12.Nb3 Ne5 13.Ne2 Nc4 14.Ned4 Rfd8 15.c3 Rac8
16.Qe2 Be8 17.Nc2 Bb5 18.Nbd4 Be8 19.Nb3 Bb5 20.Nbd4 Bd7 21.Nb3 Be8 22.Ne3 d5
23.exd5 Nxe3 24.Bxe3 Nxd5 25.Bd4 Bb5 26.Qf3 Bc6 27.Be5 Bd6 28.Bxd6 Qxd6 29.Nd4 Ne7
30.Nxc6 Nxc6 31.Rad1 Qc7 32.b4 h6 33.Rxd8+ Rxd8 34.Rd1 Rb8 35.Qe3 Rd8 36.Rxd8+ Qxd8
37.Bf3 Qd6 38.Qb6 Qd7 39.Bxc6 bxc6 40.Qxa6 Qd1+ 41.Qf1 Qa4 42.Qd3 g5 43.a6 e5
44.Kg2 Kg7 45.h3 Qa3 46.b5 cxb5 47.Qxb5 Qxc3 48.a7  1-0

[Event "BL2-SW8990"]
[Site "Germany"]
[Date "1990.??.??"]
[Round "?"]
[White "Thiel, Thomas"]
[Black "Vatter, Hans Joachim"]
[Result "0-1"]
[WhiteElo "2225"]
[BlackElo "2330"]

1.e4 c5 2.Nf3 e6 3.d4 cxd4 4.Nxd4 a6 5.Nc3 Qc7 6.g3 b5 7.a3 d6 8.Bg2 Bb7
9.O-O Nf6 10.f4 Be7 11.g4 Nfd7 12.g5 Nc6 13.Be3 Rc8 14.Qh5 g6 15.Qh3 Nxd4
16.Bxd4 e5 17.Be3 exf4 18.Bxf4 O-O 19.Rf3 Ne5 20.Bxe5 Qc5+ 21.Kh1 Qxe5 22.Raf1 Rc7
23.Rg3 Bxg5 24.Qg4 Bd2 25.Rf5 Qg7 26.Nd5 Bxd5 27.Rxd5 Rxc2 28.Bf1 Qxb2 29.Rg2 Rc1
30.Rf2 Qa1 31.Kg2 Be3 32.Rf3 Qxa3 33.h4 Qb2+ 34.Kh3 Bd4  0-1

[Event "SWE-ch"]
[Site "Gothenburg"]
[Date "1990.??.??"]
[Round "?"]
[White "Wessman, Richard"]
[Black "Lind, Jan Olov"]
[Result "1/2-1/2"]
[WhiteElo "2505"]
[BlackElo "2215"]

1.e4 c5 2.Nf3 e6 3.d4 cxd4 4.Nxd4 a6 5.Nc3 Qc7 6.Be2 b5 7.O-O Bb7 8.Re1 Nf6
9.Bf3 d6 10.Bf4 Nbd7 11.Ndxb5 axb5 12.Nxb5 Qb6 13.Nxd6+ Bxd6 14.Qxd6 Qxd6
15.Bxd6 g5 16.e5 Bxf3 17.gxf3 Nd5 18.c4 Nf4 19.b4 Rg8 20.a4 g4 21.fxg4 Rxg4+
22.Kh1 Nd3 23.Re2 Rxc4 24.Rg1 O-O-O 25.h3 Nb6 26.Rg7 Nd5 27.Rxf7 Rg8 28.Ra7 Rc1+
29.Kh2 Rgg1 30.b5 Rh1+ 31.Kg3 Rcg1+ 32.Kh4 N3f4 33.Rc2+ Kd8 34.Ra8+ Kd7 35.Ra7+ Kd8
36.Ra8+ Kd7  1/2-1/2

[Event "Groningen op"]
[Site "Groningen"]
[Date "1990.??.??"]
[Round "3"]
[White "Brendel, Oliver"]
[Black "Bosboom, Manuel"]
[Result "0-1"]
[WhiteElo "2325"]
[BlackElo "2470"]

1.e4 c5 2.Nf3 e6 3.d4 cxd4 4.Nxd4 a6 5.Nc3 Qc7 6.Be2 Nf6 7.f4 d6 8.O-O Be7
9.Be3 O-O 10.Qe1 b5 11.Bf3 Bb7 12.e5 dxe5 13.fxe5 Nfd7 14.Qg3 Bxf3 15.Qxf3 Nb6
16.Kh1 N8d7 17.Qh3 Nc4 18.Bf4 Qb6 19.Nf3 Ne3 20.Bxe3 Qxe3 21.Nd5 Qc5 22.Rad1 Rfe8
23.b4 Qc4 24.Ne3 Qe4 25.Ng4 Nf8 26.Qg3 Ng6 27.Rd4 Qxc2 28.h4 h5 29.Ne3 Qc3
30.Nd1 Qc1 31.Ng5 Bxg5 32.hxg5 Rad8 33.Rd6 h4 34.Qd3 Qxg5 35.Nf2 Nxe5 36.Qd4 Rxd6
37.Qxd6 Qf4 38.Qxa6 Ng4 39.Qxb5  0-1

[Event "Groningen op"]
[Site "Groningen"]
[Date "1990.??.??"]
[Round "5"]
[White "Van Riemsdijk, Herman C"]
[Black "Nijboer, Friso"]
[Result "1/2-1/2"]
[WhiteElo "2440"]
[BlackElo "2485"]

1.e4 c5 2.Nf3 e6 3.d4 cxd4 4.Nxd4 a6 5.Nc3 b5 6.Bd3 Bb7 7.O-O Qc7 8.Re1 b4
9.Na4 Nc6 10.Be3 Nf6 11.Nf3 d6 12.Rc1 Be7 13.c3 d5 14.Bb6 Qb8 15.exd5 Nxd5
16.Be4 O-O 17.Bxd5 exd5 18.Qxd5 bxc3 19.bxc3 Bf6 20.Nc5 Nd8 21.Nxb7 Qxb7
22.Qxb7 Nxb7 23.c4 Rfc8 24.c5 Rc6 25.g4 h6 26.h4 Rac8 27.g5 hxg5 28.hxg5 Bb2
29.Rb1 Ba3 30.Ne5 Re6 31.c6 Nd6 32.c7 Nb5 33.Nc4 Bc5 34.Bxc5 Rxc7 35.Rxe6 fxe6
36.a4 Rxc5 37.axb5 Rxc4 38.bxa6 Ra4 39.Rb6 Kf7 40.Rb7+ Kg6 41.a7 Kxg5 42.Rxg7+ Kf6
43.Rb7 e5 44.Kf1 Ra2 45.Kg2 Ra3 46.Rc7 Ke6 47.Rh7 Kd6 48.Kg1 Kc6 49.Kf1 Ra2
50.Ke1 Kd6 51.Rg7 Kc6 52.Kf1 Kd6 53.Kg2 Ra3 54.Rb7 Kc6 55.Re7 Kd6 56.Rg7 Kc6
57.f3 Kd6 58.Kf2 e4 59.fxe4 Ke5 60.Re7+ Kf6  1/2-1/2

[Event "Groningen op"]
[Site "Groningen"]
[Date "1990.??.??"]
[Round "7"]
[White "Kuijf, Marinus"]
[Black "Dgebuadze, Alexandre"]
[Result "1-0"]
[WhiteElo "2445"]
[BlackElo "2365"]

1.e4 c5 2.Ne2 e6 3.Nbc3 a6 4.d4 cxd4 5.Nxd4 Qc7 6.Bd3 Nf6 7.O-O b5 8.a3 Bb7
9.Qe2 Bd6 10.Kh1 Be5 11.Be3 Nc6 12.Nb3 Bxc3 13.bxc3 d6 14.a4 O-O 15.f3 b4
16.c4 a5 17.Bg5 Nd7 18.f4 Nc5 19.Bh4 e5 20.f5 f6 21.Bf2 Nd4 22.Nxd4 exd4
23.Bxd4 Rae8 24.Rf4 d5 25.Bxc5 Qxf4 26.cxd5 Bxd5 27.Bxf8 Kxf8 28.Re1 Bc6
29.Qh5 h6 30.h3 Qc7 31.Qg6 Bd5 32.Bb5  1-0

[Event "Groningen op"]
[Site "Groningen"]
[Date "1990.??.??"]
[Round "9"]
[White "Motwani, Paul"]
[Black "Bischoff, Klaus"]
[Result "0-1"]
[WhiteElo "2425"]
[BlackElo "2530"]

1.e4 c5 2.Nf3 e6 3.d4 cxd4 4.Nxd4 a6 5.Nc3 Qc7 6.Bd3 Nf6 7.O-O Bc5 8.Be3 d6
9.Qe2 Nbd7 10.a4 b6 11.Nb3 Bxe3 12.Qxe3 O-O 13.Rae1 Bb7 14.Qg3 Rfe8 15.f4 e5
16.f5 Nc5 17.Re3 Rad8 18.Qh4 h6 19.Rg3 Kf8 20.Rff3 Qe7 21.Rh3 d5 22.exd5 e4
23.Re3 Nxb3 24.cxb3 Qc5 25.Bc4 Nxd5 26.Nxd5 Bxd5 27.Bxd5 Rxd5 28.f6 Rd1+
29.Kf2 Qf5+ 30.Kg3 Qe5+ 31.Qf4 Qxf4+ 32.Kxf4 Rf1+ 33.Kg4 Rxf6 34.Rc3 Rg6+
35.Kf4 Rxg2 36.Rc6 Rg6 37.Rxg6 fxg6 38.Ke3 g5 39.Rg3 Kf7 40.Rg2 Kf6 41.Rf2+ Ke5
42.Rf7 g6 43.b4 Re6 44.Ra7 b5 45.axb5 axb5 46.Rb7 Rd6 47.Rxb5+ Rd5 48.Ra5 g4
49.Ra6 Rd3+ 50.Ke2 Kf4 51.Ra3 h5 52.b5 Rxa3 53.bxa3 Ke5 54.Ke3 h4 55.b6 Kd6
56.Kxe4 g5 57.a4 h3  0-1

[Event "Kecskemet"]
[Site "Kecskemet"]
[Date "1990.??.??"]
[Round "3"]
[White "Barczay, Laszlo"]
[Black "Schlosser, Philipp"]
[Result "1/2-1/2"]
[WhiteElo "2335"]
[BlackElo "2465"]

1.e4 c5 2.Nf3 e6 3.d4 cxd4 4.Nxd4 a6 5.Nc3 d6 6.g3 Nf6 7.Bg2 Be7 8.O-O Qc7
9.Re1 O-O 10.a4 Nc6 11.Nb3 b6 12.Be3 Bb7 13.Qe2 Nd7 14.Rad1 Rac8 15.f4 Rfe8
16.h3 Bf8 17.Qf2 Ba8 18.Kh2 Rb8 19.Qf1 Nc5 20.Bxc5 bxc5 21.Qxa6 Rb4 22.Qe2 c4
23.Nd4 Rxb2 24.Ncb5 Qb6 25.Qxc4 Rb4 26.Qc3 Rxa4 27.Nxd6 Bxd6 28.Nxc6 Bc5
29.Ne5 Ra3 30.Qd2 Bf2 31.Nc4 Bxg3+ 32.Kh1  1/2-1/2

[Event "JUG-ch (Women)"]
[Site "Kladovo"]
[Date "1990.??.??"]
[Round "?"]
[White "Vuksanovic, Sanja"]
[Black "Markov, Vesna"]
[Result "1/2-1/2"]
[WhiteElo "2160"]
[BlackElo "2180"]

1.e4 c5 2.Nf3 e6 3.d4 cxd4 4.Nxd4 a6 5.Nc3 Qc7 6.g3 Nf6 7.Bg2 d6 8.O-O Be7
9.Re1 O-O 10.h3 Bd7 11.f4 Nc6 12.Nxc6 Bxc6 13.Be3 b5 14.e5 dxe5 15.fxe5 Rfd8
16.Qe2 Nd5 17.Nxd5 Bxd5 18.Bf4 Rac8 19.Bxd5 Rxd5 20.c3 Rcd8 21.Rad1 Rxd1
22.Rxd1 Rxd1+ 23.Qxd1 g5 24.Be3 Qxe5 25.Qf3 Bc5 26.Bxc5 Qxc5+ 27.Kh2 Kg7
28.h4 h6 29.hxg5 hxg5 30.b3 Kg6 31.Qe4+ Qf5 32.Qe2 Kf6 33.c4 bxc4 34.bxc4 Qc5
35.Qf3+ Ke5 36.Qxf7 Qxc4 37.Qg7+ Kf5 38.Qh7+ Kg4 39.Qh3+ Kf3 40.Qg2+ Ke3
41.Qg1+ Kd2 42.Kh3 e5 43.Qb1 e4 44.Qb2+ Ke1 45.Qa1+ Kd2 46.Qb2+ Qc2 47.Qd4+ Ke2
48.Kg4 e3 49.Kxg5 Qd2 50.Qe4 Qd8+ 51.Kg4 Qd6 52.Qc2+ Qd2 53.Qe4 Qd3 54.Qa4 Ke1
55.Qb4+ Qd2 56.Qb6 Qd1+ 57.Kf4 e2 58.Qg1+ Kd2 59.Qe3+ Kc2 60.Qb3+ Kc1 61.Qa3+ Kb1
62.Qb4+ Kxa2 63.Qc4+ Ka3 64.Qc3+ Ka2 65.Qc4+ Kb2 66.Qb4+ Qb3 67.Qd2+ Qc2
68.Qb4+ Ka2 69.Ke3  1/2-1/2

[Event "JUG-ch (Women)"]
[Site "Kladovo"]
[Date "1990.??.??"]
[Round "?"]
[White "Rodic Kures, Gordana"]
[Black "Markov, Vesna"]
[Result "0-1"]
[WhiteElo "2050"]
[BlackElo "2180"]

1.e4 c5 2.Nf3 e6 3.d4 cxd4 4.Nxd4 a6 5.Nc3 Qc7 6.Bd3 Nf6 7.f4 d6 8.O-O Be7
9.Kh1 Nbd7 10.Qf3 O-O 11.Bd2 b5 12.Rae1 Bb7 13.Qh3 Nc5 14.e5 Nxd3 15.cxd3 Ne8
16.Ne4 Qd7 17.f5 dxe5 18.fxe6 fxe6 19.Nxe6 Rxf1+ 20.Rxf1 Bxe4 21.dxe4 Qxd2
22.Qf5 Bf6 23.Nc5 Qd6 24.Ne6 Qe7 25.Rc1 Nd6 26.Qh3 Nxe4 27.Qf5 Nd6 28.Qh3  0-1

[Event "JUG-ch"]
[Site "Kladovo"]
[Date "1990.??.??"]
[Round "?"]
[White "Todorovic, Goran M"]
[Black "Damljanovic, Branko"]
[Result "1-0"]
[WhiteElo "2415"]
[BlackElo "2535"]

1.e4 c5 2.Nf3 e6 3.d4 cxd4 4.Nxd4 a6 5.Nc3 Qc7 6.Bd3 Nf6 7.f4 d6 8.O-O b5
9.Kh1 Bb7 10.Qf3 b4 11.Nce2 Nbd7 12.Bd2 d5 13.e5 Ne4 14.Be1 Bc5 15.c4 bxc3
16.Bxc3 Qb6 17.Nb3 Nxc3 18.bxc3 Be7 19.Rab1 Qc7 20.Ned4 O-O 21.Qh3 g6 22.Rf3 Rfe8
23.Nxe6 fxe6 24.Bxg6 Nf8 25.Bxe8 Rxe8 26.Nd4 Bc8 27.Qh5 Ng6 28.Rg3 Bc5 29.Nf3 Qg7
30.Ng5 h6 31.Ne4 dxe4 32.Rxg6 Re7 33.Rb8 Rc7 34.Qxh6 Qxg6 35.Qxg6+ Kf8 36.Qxe6  1-0

[Event "JUG-sf"]
[Site "Kladovo"]
[Date "1990.??.??"]
[Round "3"]
[White "Mujagic, Ramo"]
[Black "Sulava, Nenad"]
[Result "1/2-1/2"]
[WhiteElo "2300"]
[BlackElo "2425"]

1.e4 c5 2.Nf3 e6 3.Nc3 a6 4.d4 cxd4 5.Nxd4 Qc7 6.Be2 b5 7.a3 Bb7 8.O-O Nf6
9.Bf3 Nc6 10.Nxc6 dxc6 11.Bg5 Bd6 12.h3 Bh2+ 13.Kh1 Be5 14.Qe2 h6 15.Bxf6 Bxf6
16.g3 h5 17.Bxh5 Bxc3 18.bxc3 Qe5 19.Bf3 Rxh3+ 20.Kg2 Rh6 21.Rad1 c5 22.Qd3 Qc7
23.e5 Rh5 24.Rh1 Rxh1 25.Rxh1 Rd8 26.Rh8+ Ke7 27.Rxd8 Bxf3+ 28.Qxf3 Qxd8
29.Qb7+ Qd7 30.Qxa6 Qd5+ 31.Kg1 Qxe5 32.Qb7+ Kd6 33.Qb8+ Kd5 34.c4+ bxc4
35.Qb1 Qc3 36.a4 Kd4 37.Qb5 Qe1+ 38.Kg2 Qe2 39.a5 Qe4+ 40.Kh2 Qf3 41.a6 Qxf2+
42.Kh3 Qf1+ 43.Kh2 Qe2+ 44.Kh3 Qf3 45.Qb7 Qh5+ 46.Kg2 Qe2+ 47.Kh3 Qh5+ 48.Kg2 Qe2+
49.Kh3 Qf1+ 50.Kh2 c3 51.a7 Qf2+ 52.Kh3 Qf1+ 53.Kh2 Qe2+ 54.Kh3 Qh5+ 55.Kg2 Qe2+
56.Kh3 Qh5+ 57.Kg2  1/2-1/2

[Event "Kuala Lumpur Interzonal (Women)"]
[Site "Kuala Lumpur"]
[Date "1990.??.??"]
[Round "12"]
[White "Hoiberg, Nina"]
[Black "Forbes, Cathy"]
[Result "1/2-1/2"]
[WhiteElo "2275"]
[BlackElo "2075"]

1.e4 c5 2.Nf3 e6 3.d4 cxd4 4.Nxd4 a6 5.Nc3 Qc7 6.f4 Nc6 7.Nf3 b5 8.Bd3 Bb7
9.O-O Bc5+ 10.Kh1 b4 11.Ne2 Nf6 12.Qe1 d5 13.e5 Ng4 14.Qg3 h5 15.h3 O-O-O
16.Nh4 Qb6 17.hxg4 hxg4 18.Qxg4 g5 19.fxg5 Nxe5 20.Qh3 Bf2 21.Ng3 Qd4 22.Ngf5 exf5
23.Qxf5+ Kb8 24.Qxf2 Qxf2 25.Rxf2 Rxh4+ 26.Kg1 Rdh8 27.Kf1 Re8 28.Re2 Rh1+
29.Kf2 Nxd3+ 30.cxd3 Rxe2+ 31.Kxe2 Kc8 32.d4 b3 33.axb3 Bc6 34.Kd2 Bb5 35.b4 Rg1
36.Kc2 Rxg2+ 37.Bd2 Kd7 38.b3 Rf2 39.Rh1 Rf3 40.Rh4 Bd3+ 41.Kd1 Rf1+ 42.Be1 Rg1
43.Rf4 Rf1 44.Rg4 Bg6 45.Rg2 Rf3 46.Ra2 Bd3 47.Rh2 Bg6 48.Ra2  1/2-1/2

[Event "RSFSR-ch"]
[Site "Kuibishev"]
[Date "1990.??.??"]
[Round "?"]
[White "Semeniuk, Alexander A"]
[Black "Tunik, Gennady"]
[Result "0-1"]
[WhiteElo "2340"]
[BlackElo "2475"]

1.e4 c5 2.Nf3 e6 3.d4 cxd4 4.Nxd4 a6 5.Nc3 Qc7 6.g3 Bb4 7.Bd2 Nf6 8.Bg2 Nc6
9.Nb3 Be7 10.O-O d6 11.a4 b6 12.f4 Bb7 13.Kh1 h5 14.h3 Nd7 15.Qe2 Na5 16.Rae1 Rc8
17.Nd4 Bf6 18.Qf2 Nc4 19.Bc1 Qc5 20.Rd1 e5 21.Nf5 Qxf2 22.Rxf2 h4 23.g4 exf4
24.Bxf4 O-O 25.g5 Bxc3 26.bxc3 Rfe8 27.Bxd6 Nc5 28.Bxc5 Rxc5 29.Rd7 Bxe4
30.Ne7+ Kf8 31.g6 Bxg2+ 32.Kxg2 f6 33.Re2 Ne5 34.Rxe5 Rxe5 35.Nc6 Rg5+ 36.Kf2 Rxg6
37.Rb7 Rg3 38.Nd4 Rxh3 39.Nf5 g6 40.Kg2 Rxc3 41.Nxh4 Re2+ 42.Kf1 Rexc2 43.Rxb6 Rh3
44.Rxf6+ Ke7  0-1

[Event "Kusadasi op"]
[Site "Kusadasi"]
[Date "1990.??.??"]
[Round "4"]
[White "Nijboer, Friso"]
[Black "Vasiukov, Evgeni"]
[Result "1/2-1/2"]
[WhiteElo "2485"]
[BlackElo "2545"]

1.e4 c5 2.Nf3 e6 3.d4 cxd4 4.Nxd4 a6 5.Nc3 Qc7 6.Be2 Nf6 7.O-O Bc5 8.Nb3 Be7
9.Qd3 b5 10.f4 b4 11.Nd1 Bb7 12.e5 Nd5 13.c4 bxc3 14.bxc3 O-O 15.c4 Nb6 16.Bb2 Na4
17.Bd4 Nc6 18.Be3 a5 19.a3 Ba6 20.Nc3 Nxc3 21.Qxc3 Rfc8 22.Ra2 a4 23.Nc5 Bxc5
24.Bxc5 Na5 25.Bd6 Qa7+ 26.c5 Bxe2 27.Rxe2 Nb7 28.Qe3 Rc6 29.Rd1 h6 30.Red2 Nxc5
31.Bxc5 Qxc5 32.Qxc5 Rxc5 33.Rxd7 g5 34.Rd8+ Rxd8 35.Rxd8+ Kg7 36.Rd4 gxf4
37.Rxa4  1/2-1/2

[Event "Leningrad it"]
[Site "Leningrad"]
[Date "1990.??.??"]
[Round "?"]
[White "Zdrojewski, Wojciech"]
[Black "Sobolewski, Piotr"]
[Result "1/2-1/2"]
[WhiteElo "2265"]
[BlackElo "2305"]

1.e4 c5 2.Nf3 e6 3.d4 cxd4 4.Nxd4 a6 5.Nc3 Qc7 6.Be2 Nf6 7.O-O b5 8.a3 Bb7
9.Qd3 Nc6 10.Nxc6 Qxc6 11.Bf3 Qc7 12.g3 d6 13.Bf4 e5 14.Bg5 Be7 15.Rad1 O-O  1/2-1/2